[Event "U12 Polish Youth Championship"]
[Site "chess24.com"]
[Date "2018.05.03"]
[Round "7"]
[White "Madajczak, Piotr"]
[Black "Nowak, Filip"]
[Result "1/2-1/2"]
[Board "10"]
[WhiteElo "1618"]
[WhiteCountry "POL"]
[WhiteFideId "21835934"]
[WhiteEloChange "-4"]
[BlackElo "1475"]
[BlackCountry "POL"]
[BlackFideId "21817030"]
[BlackEloChange "4"]

1. f4 {[%clk 1:30:51]} d5 {[%clk 1:30:54]} 2. Nf3 {[%clk 1:31:15]} Nf6 {[%clk
1:30:57]} 3. g3 {[%clk 1:31:38]} Bf5 {[%clk 1:31:00]} 4. Bg2 {[%clk 1:31:57]} e6
{[%clk 1:31:09]} 5. O-O {[%clk 1:32:15]} h6 {[%clk 1:31:23]} 6. d3 {[%clk
1:32:36]} Be7 {[%clk 1:31:05]} 7. Qe1 {[%clk 1:31:57]} O-O {[%clk 1:30:59]} 8. c3
{[%clk 1:31:41]} c5 {[%clk 1:30:54]} 9. Nbd2 {[%clk 1:31:20]} Nc6 {[%clk
1:30:51]} 10. e4 {[%clk 1:30:33]} Bh7 {[%clk 1:30:40]} 11. Qe2 {[%clk 1:28:17]}
b5 {[%clk 1:27:35]} 12. Ne5 {[%clk 1:21:31]} Nxe5 {[%clk 1:23:59]} 13. fxe5
{[%clk 1:21:54]} Ne8 {[%clk 1:23:47]} 14. exd5 {[%clk 1:20:52]} exd5 {[%clk
1:23:30]} 15. d4 {[%clk 1:19:54]} c4 {[%clk 1:23:31]} 16. Qg4 {[%clk 1:19:02]}
Bg5 {[%clk 1:17:45]} 17. Re1 {[%clk 1:11:27]} Nc7 {[%clk 1:08:45]} 18. Nf1 {[%clk
1:07:23]} Bxc1 {[%clk 1:08:52]} 19. Raxc1 {[%clk 1:07:47]} Qe7 {[%clk 0:58:17]}
20. Ne3 {[%clk 1:06:08]} Rad8 {[%clk 0:56:35]} 21. Nf5 {[%clk 0:51:30]} Bxf5
{[%clk 0:50:01]} 22. Qxf5 {[%clk 0:51:54]} a5 {[%clk 0:49:39]} 23. Qc2 {[%clk
0:48:51]} Qd7 {[%clk 0:47:24]} 24. Rf1 {[%clk 0:47:49]} Ne6 {[%clk 0:45:03]} 25.
Rf2 {[%clk 0:42:37]} b4 {[%clk 0:42:38]} 26. Bh3 {[%clk 0:30:40]} Qc6 {[%clk
0:35:40]} 27. Bxe6 {[%clk 0:27:47]} fxe6 {[%clk 0:35:18]} 28. Rcf1 {[%clk
0:27:34]} Rxf2 {[%clk 0:31:28]} 29. Qxf2 {[%clk 0:27:17]} Qe8 {[%clk 0:30:43]}
30. Qd2 {[%clk 0:26:01]} Rb8 {[%clk 0:29:54]} 31. Qc2 {[%clk 0:22:54]} Rb7 {[%clk
0:25:11]} 32. Rf2 {[%clk 0:18:06]} Rb8 {[%clk 0:20:25]} 1/2-1/2

[Event "U12 Polish Youth Championship"]
[Site "chess24.com"]
[Date "2018.05.03"]
[Round "7"]
[White "Krupinski, Mikolaj"]
[Black "Madej, Marek"]
[Result "0-1"]
[Board "11"]
[WhiteElo "1547"]
[WhiteCountry "POL"]
[WhiteFideId "21835918"]
[WhiteEloChange "-5"]
[BlackElo "1734"]
[BlackCountry "POL"]
[BlackFideId "21835942"]
[BlackEloChange "5"]

1. e4 {[%clk 1:30:51]} c5 {[%clk 1:30:50]} 2. Nc3 {[%clk 1:30:55]} e6 {[%clk
1:31:04]} 3. g3 {[%clk 1:30:56]} Nc6 {[%clk 1:30:51]} 4. Bg2 {[%clk 1:30:45]} g6
{[%clk 1:31:09]} 5. d3 {[%clk 1:30:05]} Bg7 {[%clk 1:31:33]} 6. Nge2 {[%clk
1:29:23]} d6 {[%clk 1:30:57]} 7. Be3 {[%clk 1:29:02]} Qa5 {[%clk 1:30:35]} 8. O-O
{[%clk 1:28:59]} Nge7 {[%clk 1:30:41]} 9. f4 {[%clk 1:26:57]} O-O {[%clk
1:30:18]} 10. d4 {[%clk 1:24:09]} cxd4 {[%clk 1:25:24]} 11. Nxd4 {[%clk 1:23:26]}
Nxd4 {[%clk 1:21:56]} 12. Bxd4 {[%clk 1:23:50]} Bxd4+ {[%clk 1:22:20]} 13. Qxd4
{[%clk 1:24:15]} Nc6 {[%clk 1:22:43]} 14. Qf6 {[%clk 1:21:31]} Qd8 {[%clk
1:18:11]} 15. Qxd8 {[%clk 1:21:49]} Rxd8 {[%clk 1:18:35]} 16. Rad1 {[%clk
1:22:07]} Kf8 {[%clk 1:16:55]} 17. Rd2 {[%clk 1:21:56]} a6 {[%clk 1:16:53]} 18.
Rfd1 {[%clk 1:21:54]} Ke7 {[%clk 1:17:16]} 19. Ne2 {[%clk 1:19:27]} b5 {[%clk
1:12:24]} 20. g4 {[%clk 0:59:19]} Bb7 {[%clk 1:12:23]} 21. h4 {[%clk 0:57:54]}
Na5 {[%clk 1:10:30]} 22. b3 {[%clk 0:57:53]} Rac8 {[%clk 1:08:38]} 23. Nd4 {[%clk
0:52:15]} Nc6 {[%clk 1:03:59]} 24. Ne2 {[%clk 0:46:59]} b4 {[%clk 1:02:14]} 25.
Ng3 {[%clk 0:38:02]} Na7 {[%clk 0:53:07]} 26. Nf1 {[%clk 0:37:26]} Nb5 {[%clk
0:53:10]} 27. e5 {[%clk 0:32:49]} Bxg2 {[%clk 0:50:43]} 28. exd6+ {[%clk
0:32:26]} Rxd6 {[%clk 0:50:12]} 29. Kxg2 {[%clk 0:32:52]} Rxc2 {[%clk 0:45:55]}
30. Rxc2 {[%clk 0:32:58]} Rxd1 {[%clk 0:46:19]} 31. Ne3 {[%clk 0:26:29]} Ra1
{[%clk 0:46:07]} 32. Nc4 {[%clk 0:26:04]} Nc3 {[%clk 0:46:22]} 33. a3 {[%clk
0:25:51]} Nd5 {[%clk 0:45:50]} 34. axb4 {[%clk 0:25:03]} Nxf4+ {[%clk 0:46:02]}
35. Kg3 {[%clk 0:23:08]} Nd5 {[%clk 0:45:47]} 36. Ne5 {[%clk 0:22:08]} Rb1 {[%clk
0:45:48]} 37. Nc6+ {[%clk 0:20:52]} Kf8 {[%clk 0:44:19]} 38. Na5 {[%clk 0:18:47]}
Nxb4 {[%clk 0:43:23]} 39. Rc4 {[%clk 0:17:07]} Ra1 {[%clk 0:42:27]} 40. Rxb4
{[%clk 0:16:52]} Rxa5 {[%clk 0:42:51]} 41. Rb7 {[%clk 0:17:12]} Rb5 {[%clk
0:42:54]} 42. Ra7 {[%clk 0:17:30]} Rxb3+ {[%clk 0:43:19]} 43. Kf4 {[%clk
0:17:56]} Ra3 {[%clk 0:43:28]} 44. Kg5 {[%clk 0:18:13]} Kg7 {[%clk 0:43:45]} 45.
h5 {[%clk 0:18:10]} h6+ {[%clk 0:43:59]} 46. Kf4 {[%clk 0:18:29]} g5+ {[%clk
0:44:20]} 47. Ke5 {[%clk 0:18:46]} Ra4 {[%clk 0:44:21]} 48. Ra8 {[%clk 0:18:54]}
Rxg4 {[%clk 0:44:42]} 49. Rxa6 {[%clk 0:19:21]} Rh4 {[%clk 0:45:03]} 50. Ra7
{[%clk 0:19:43]} Rxh5 {[%clk 0:45:27]} 51. Ke4 {[%clk 0:20:09]} Rh1 {[%clk
0:45:49]} 52. Ke5 {[%clk 0:20:35]} Re1+ {[%clk 0:46:13]} 53. Kd4 {[%clk 0:21:00]}
h5 {[%clk 0:46:38]} 54. Ra5 {[%clk 0:21:24]} Kg6 {[%clk 0:47:04]} 55. Kd3 {[%clk
0:21:49]} h4 {[%clk 0:47:29]} 56. Kd2 {[%clk 0:22:12]} Re4 {[%clk 0:47:53]} 57.
Kd3 {[%clk 0:22:38]} f5 {[%clk 0:48:17]} 58. Ra8 {[%clk 0:23:00]} g4 {[%clk
0:48:35]} 59. Rh8 {[%clk 0:23:25]} h3 {[%clk 0:48:58]} 60. Rh4 {[%clk 0:23:49]}
Kg5 {[%clk 0:49:21]} 61. Rh8 {[%clk 0:24:07]} Kf4 {[%clk 0:49:17]} 62. Kd2 {[%clk
0:24:29]} e5 {[%clk 0:49:43]} 63. Kd1 {[%clk 0:24:54]} Ra4 {[%clk 0:50:05]} 64.
Ke2 {[%clk 0:25:18]} Ra2+ {[%clk 0:50:32]} 65. Kf1 {[%clk 0:25:31]} Kf3 {[%clk
0:50:57]} 66. Kg1 {[%clk 0:25:44]} h2+ {[%clk 0:51:22]} 67. Kh1 {[%clk 0:26:05]}
g3 {[%clk 0:51:47]} 68. Rxh2 {[%clk 0:26:19]} Ra1# {[%clk 0:52:12]} 0-1

[Event "U12 Polish Youth Championship"]
[Site "chess24.com"]
[Date "2018.05.03"]
[Round "7"]
[White "Jedraszek, Pawel"]
[Black "Bancarewicz, Aleks"]
[Result "0-1"]
[Board "12"]
[WhiteElo "1514"]
[WhiteCountry "POL"]
[WhiteFideId "21833710"]
[WhiteEloChange "-5"]
[BlackElo "1708"]
[BlackCountry "POL"]
[BlackFideId "21838550"]
[BlackEloChange "5"]

1. e4 {[%clk 1:30:59]} e6 {[%clk 1:30:48]} 2. d4 {[%clk 1:31:23]} d5 {[%clk
1:31:13]} 3. Nc3 {[%clk 1:31:48]} Nf6 {[%clk 1:31:21]} 4. e5 {[%clk 1:32:09]}
Nfd7 {[%clk 1:31:46]} 5. f4 {[%clk 1:32:31]} c5 {[%clk 1:31:39]} 6. Nf3 {[%clk
1:32:52]} a6 {[%clk 1:31:13]} 7. Be3 {[%clk 1:33:09]} Nc6 {[%clk 1:31:36]} 8. Qd2
{[%clk 1:32:33]} b5 {[%clk 1:30:53]} 9. dxc5 {[%clk 1:31:37]} Bxc5 {[%clk
1:29:41]} 10. Bxc5 {[%clk 1:31:06]} Nxc5 {[%clk 1:30:00]} 11. Nd4 {[%clk
1:30:13]} Bb7 {[%clk 1:24:51]} 12. O-O-O {[%clk 1:17:38]} Qb6 {[%clk 1:16:40]}
13. g4 {[%clk 1:12:01]} b4 {[%clk 1:09:29]} 14. Nce2 {[%clk 1:11:10]} Ne4 {[%clk
1:00:40]} 15. Qe3 {[%clk 1:11:03]} Rc8 {[%clk 0:55:19]} 16. Bg2 {[%clk 1:09:31]}
Nxd4 {[%clk 0:44:21]} 17. Nxd4 {[%clk 1:07:33]} O-O {[%clk 0:33:41]} 18. Bxe4
{[%clk 1:00:38]} dxe4 {[%clk 0:33:58]} 19. f5 {[%clk 0:50:44]} Qc5 {[%clk
0:28:23]} 20. fxe6 {[%clk 0:38:10]} fxe6 {[%clk 0:24:19]} 21. Qg5 {[%clk
0:38:11]} Rfd8 {[%clk 0:15:24]} 22. Qxg7+ {[%clk 0:37:14]} Kxg7 {[%clk 0:15:49]}
23. Nxe6+ {[%clk 0:37:34]} Kg6 {[%clk 0:13:45]} 24. Nxc5 {[%clk 0:37:53]} Rxd1+
{[%clk 0:14:03]} 25. Rxd1 {[%clk 0:38:09]} Rxc5 {[%clk 0:14:06]} 26. h4 {[%clk
0:36:51]} Rxe5 {[%clk 0:12:07]} 27. Rd6+ {[%clk 0:37:11]} Kf7 {[%clk 0:12:24]}
28. Rd7+ {[%clk 0:36:53]} Re7 {[%clk 0:12:33]} 29. Rxe7+ {[%clk 0:37:01]} Kxe7
{[%clk 0:13:00]} 30. Kd2 {[%clk 0:37:18]} Kf6 {[%clk 0:10:49]} 31. Ke3 {[%clk
0:37:38]} Ke5 {[%clk 0:11:07]} 32. c3 {[%clk 0:37:52]} bxc3 {[%clk 0:11:15]} 33.
bxc3 {[%clk 0:38:15]} Bc8 {[%clk 0:10:35]} 34. g5 {[%clk 0:38:29]} Be6 {[%clk
0:10:07]} 35. a3 {[%clk 0:38:47]} Bf7 {[%clk 0:10:25]} 36. a4 {[%clk 0:38:41]} a5
{[%clk 0:10:45]} 37. c4 {[%clk 0:38:53]} Bxc4 {[%clk 0:11:09]} 38. h5 {[%clk
0:39:15]} Bf7 {[%clk 0:11:27]} 39. g6 {[%clk 0:39:36]} hxg6 {[%clk 0:11:37]} 40.
h6 {[%clk 0:39:58]} Bg8 {[%clk 0:12:04]} 41. Kd2 {[%clk 0:40:15]} Kd4 {[%clk
0:12:28]} 42. Kc2 {[%clk 0:40:35]} e3 {[%clk 0:12:49]} 43. Kd1 {[%clk 0:40:58]}
Kd3 {[%clk 0:13:14]} 44. Ke1 {[%clk 0:41:18]} e2 {[%clk 0:13:37]} 45. h7 {[%clk
0:41:44]} Bxh7 {[%clk 0:14:05]} 46. Kf2 {[%clk 0:42:08]} Kd2 {[%clk 0:14:17]} 47.
Kf3 {[%clk 0:42:21]} e1Q {[%clk 0:14:21]} 48. Kf4 {[%clk 0:42:47]} g5+ {[%clk
0:14:43]} 49. Kxg5 {[%clk 0:43:12]} Qg3+ {[%clk 0:15:03]} 50. Kf6 {[%clk
0:43:35]} Qf4+ {[%clk 0:15:21]} 51. Ke6 {[%clk 0:43:59]} Be4 {[%clk 0:15:45]} 52.
Ke7 {[%clk 0:44:23]} Bd5 {[%clk 0:15:59]} 53. Kd7 {[%clk 0:44:48]} Qf6 {[%clk
0:16:10]} 54. Kc7 {[%clk 0:45:11]} Qc6+ {[%clk 0:16:31]} 55. Kd8 {[%clk 0:45:39]}
Qb7 {[%clk 0:16:53]} 56. Ke8 {[%clk 0:46:05]} Be6 {[%clk 0:17:11]} 57. Kd8 {[%clk
0:46:27]} Qd7# {[%clk 0:17:27]} 0-1

[Event "U12 Polish Youth Championship"]
[Site "chess24.com"]
[Date "2018.05.03"]
[Round "7"]
[White "Herwy, Jakub"]
[Black "Nowicki, Filip"]
[Result "1-0"]
[Board "13"]
[WhiteElo "1590"]
[WhiteCountry "POL"]
[WhiteFideId "21852855"]
[WhiteEloChange "8"]
[BlackElo "1511"]
[BlackCountry "POL"]
[BlackFideId "21835993"]
[BlackEloChange "-8"]

1. e4 {[%clk 1:30:59]} c5 {[%clk 1:30:56]} 2. Nf3 {[%clk 1:31:26]} e6 {[%clk
1:31:21]} 3. d4 {[%clk 1:31:53]} cxd4 {[%clk 1:31:48]} 4. Nxd4 {[%clk 1:32:16]}
Nf6 {[%clk 1:32:15]} 5. Bd3 {[%clk 1:32:41]} Nc6 {[%clk 1:32:38]} 6. Nxc6 {[%clk
1:33:08]} bxc6 {[%clk 1:33:04]} 7. O-O {[%clk 1:33:34]} d5 {[%clk 1:33:30]} 8.
Nd2 {[%clk 1:34:01]} Be7 {[%clk 1:33:22]} 9. b3 {[%clk 1:34:22]} O-O {[%clk
1:33:07]} 10. Bb2 {[%clk 1:34:48]} a5 {[%clk 1:29:58]} 11. f4 {[%clk 1:35:01]}
Ba6 {[%clk 1:27:27]} 12. Bxa6 {[%clk 1:35:21]} Rxa6 {[%clk 1:27:44]} 13. e5
{[%clk 1:35:46]} Nd7 {[%clk 1:27:38]} 14. f5 {[%clk 1:36:11]} exf5 {[%clk
1:12:25]} 15. Rxf5 {[%clk 1:36:35]} Nc5 {[%clk 1:09:53]} 16. Kh1 {[%clk 1:24:46]}
Ne6 {[%clk 1:06:52]} 17. Qg4 {[%clk 1:24:34]} a4 {[%clk 0:57:42]} 18. a3 {[%clk
1:18:05]} c5 {[%clk 0:52:19]} 19. Raf1 {[%clk 1:13:16]} Qa5 {[%clk 0:40:04]} 20.
Nb1 {[%clk 1:11:10]} axb3 {[%clk 0:36:03]} 21. cxb3 {[%clk 1:10:27]} Nd8 {[%clk
0:36:06]} 22. Nc3 {[%clk 1:08:28]} Rg6 {[%clk 0:35:09]} 23. Qf3 {[%clk 1:08:53]}
d4 {[%clk 0:35:02]} 24. Nd5 {[%clk 1:07:09]} Qa7 {[%clk 0:30:39]} 25. b4 {[%clk
1:06:14]} Qb7 {[%clk 0:27:38]} 26. b5 {[%clk 1:01:07]} Bg5 {[%clk 0:24:52]} 27.
a4 {[%clk 0:56:42]} Bd2 {[%clk 0:21:59]} 28. Ba3 {[%clk 0:54:16]} Qa7 {[%clk
0:20:47]} 29. b6 {[%clk 0:51:53]} Qb7 {[%clk 0:16:37]} 30. Bxc5 {[%clk 0:51:21]}
Re8 {[%clk 0:16:58]} 31. Nc7 {[%clk 0:51:08]} Qxf3 {[%clk 0:16:35]} 32. R1xf3
{[%clk 0:51:34]} Ree6 {[%clk 0:16:07]} 33. Nxe6 {[%clk 0:50:40]} Rxe6 {[%clk
0:16:34]} 34. b7 {[%clk 0:50:52]} Nxb7 {[%clk 0:16:08]} 35. Rxf7 {[%clk 0:51:17]}
h6 {[%clk 0:16:32]} 36. Rxb7 {[%clk 0:51:15]} Rxe5 {[%clk 0:16:57]} 37. Bxd4
{[%clk 0:50:58]} Re1+ {[%clk 0:17:21]} 38. Bg1 {[%clk 0:51:23]} 1-0

[Event "U12 Polish Youth Championship"]
[Site "chess24.com"]
[Date "2018.05.03"]
[Round "7"]
[White "Wilk, Igor"]
[Black "Kejna, Piotr"]
[Result "1/2-1/2"]
[Board "14"]
[WhiteElo "1558"]
[WhiteCountry "POL"]
[WhiteFideId "21831580"]
[WhiteEloChange "-2"]
[BlackElo "1483"]
[BlackTitle "CM"]
[BlackCountry "POL"]
[BlackFideId "21821704"]
[BlackEloChange "2"]

1. e4 {[%clk 1:30:39]} c5 {[%clk 1:30:56]} 2. Nf3 {[%clk 1:30:49]} Nc6 {[%clk
1:31:04]} 3. d4 {[%clk 1:30:54]} cxd4 {[%clk 1:31:27]} 4. Nxd4 {[%clk 1:30:55]}
Qb6 {[%clk 1:31:51]} 5. Nb3 {[%clk 1:30:47]} e6 {[%clk 1:32:01]} 6. Be3 {[%clk
1:29:47]} Qc7 {[%clk 1:32:05]} 7. Be2 {[%clk 1:28:49]} a6 {[%clk 1:31:23]} 8. O-O
{[%clk 1:26:01]} Nf6 {[%clk 1:30:40]} 9. f3 {[%clk 1:22:00]} Be7 {[%clk 1:29:18]}
10. Nc3 {[%clk 1:20:50]} b5 {[%clk 1:27:59]} 11. a3 {[%clk 1:19:54]} O-O {[%clk
1:27:06]} 12. Qd2 {[%clk 1:19:29]} d6 {[%clk 1:26:29]} 13. Rfd1 {[%clk 1:17:05]}
Rd8 {[%clk 1:25:06]} 14. Bf1 {[%clk 1:14:29]} Bb7 {[%clk 1:20:48]} 15. Qf2 {[%clk
1:07:49]} Nd7 {[%clk 1:20:22]} 16. f4 {[%clk 1:06:36]} Rab8 {[%clk 1:01:38]} 17.
g3 {[%clk 1:06:09]} Ba8 {[%clk 0:59:33]} 18. Bg2 {[%clk 1:02:52]} Nb6 {[%clk
0:54:15]} 19. Bxb6 {[%clk 0:58:38]} Rxb6 {[%clk 0:50:03]} 20. Bf3 {[%clk
0:52:58]} a5 {[%clk 0:46:57]} 21. Kg2 {[%clk 0:47:58]} a4 {[%clk 0:43:33]} 22.
Nd4 {[%clk 0:46:43]} Nxd4 {[%clk 0:43:42]} 23. Rxd4 {[%clk 0:46:28]} Rbb8 {[%clk
0:37:50]} 24. Qe2 {[%clk 0:44:19]} Bf6 {[%clk 0:35:57]} 25. Rd3 {[%clk 0:43:24]}
Bc6 {[%clk 0:27:34]} 26. Qd2 {[%clk 0:38:48]} b4 {[%clk 0:24:34]} 27. axb4 {[%clk
0:38:16]} Rxb4 {[%clk 0:21:55]} 28. Nd5 {[%clk 0:37:16]} exd5 {[%clk 0:22:06]}
29. Qxb4 {[%clk 0:37:17]} dxe4 {[%clk 0:22:26]} 30. Bxe4 {[%clk 0:36:45]} Rb8
{[%clk 0:16:29]} 31. Qc4 {[%clk 0:33:16]} Bxe4+ {[%clk 0:16:28]} 32. Qxe4 {[%clk
0:33:36]} Qxc2+ {[%clk 0:16:19]} 33. Kf3 {[%clk 0:30:23]} Qxb2 {[%clk 0:15:07]}
34. Rxa4 {[%clk 0:29:13]} Qxh2 {[%clk 0:15:11]} 35. Ra8 {[%clk 0:20:44]} Qh1+
{[%clk 0:15:09]} 36. Kf2 {[%clk 0:20:59]} Qh2+ {[%clk 0:14:33]} 37. Ke1 {[%clk
0:17:07]} Qg1+ {[%clk 0:13:19]} 38. Ke2 {[%clk 0:17:05]} Qh2+ {[%clk 0:13:07]}
39. Ke1 {[%clk 0:17:14]} Qg1+ {[%clk 0:13:23]} 40. Ke2 {[%clk 0:17:37]} Qh2+
{[%clk 0:13:44]} 41. Ke1 {[%clk 0:18:01]} 1/2-1/2

[Event "U12 Polish Youth Championship"]
[Site "chess24.com"]
[Date "2018.05.03"]
[Round "7"]
[White "Dembicki, Karol"]
[Black "Taranowicz, Michal"]
[Result "1-0"]
[Board "15"]
[WhiteElo "1370"]
[WhiteCountry "POL"]
[WhiteFideId "21809747"]
[WhiteEloChange "13"]
[BlackElo "1487"]
[BlackCountry "POL"]
[BlackFideId "21859191"]
[BlackEloChange "-13"]

1. e4 {[%clk 1:30:53]} e6 {[%clk 1:30:57]} 2. d4 {[%clk 1:31:15]} d5 {[%clk
1:31:23]} 3. exd5 {[%clk 1:31:38]} exd5 {[%clk 1:31:48]} 4. Bd3 {[%clk 1:32:03]}
Bd6 {[%clk 1:32:13]} 5. Nf3 {[%clk 1:32:06]} Nc6 {[%clk 1:32:23]} 6. O-O {[%clk
1:32:14]} Nge7 {[%clk 1:32:46]} 7. c3 {[%clk 1:31:59]} Bg4 {[%clk 1:33:04]} 8.
Nbd2 {[%clk 1:27:20]} Qd7 {[%clk 1:33:13]} 9. Re1 {[%clk 1:27:34]} O-O-O {[%clk
1:33:36]} 10. b4 {[%clk 1:27:57]} f6 {[%clk 1:33:50]} 11. Qa4 {[%clk 1:28:07]} b6
{[%clk 1:33:06]} 12. Bb5 {[%clk 1:27:51]} Kb7 {[%clk 1:33:09]} 13. c4 {[%clk
1:25:26]} dxc4 {[%clk 1:31:10]} 14. Nxc4 {[%clk 1:23:58]} Bxf3 {[%clk 1:27:45]}
15. gxf3 {[%clk 1:24:22]} Qh3 {[%clk 1:27:49]} 16. Nxd6+ {[%clk 1:24:10]} Rxd6
{[%clk 1:27:52]} 17. Bf4 {[%clk 1:22:18]} Rxd4 {[%clk 1:27:06]} 18. Rac1 {[%clk
1:18:41]} Qxf3 {[%clk 1:23:47]} 19. Rxe7 {[%clk 1:15:30]} Qxf4 {[%clk 1:21:35]}
20. Ba6+ {[%clk 1:14:03]} Kb8 {[%clk 1:20:52]} 21. Qxc6 {[%clk 1:13:46]} Qg4+
{[%clk 1:20:43]} 22. Kh1 {[%clk 1:13:39]} Rd1+ {[%clk 1:20:20]} 23. Re1 {[%clk
1:13:51]} 1-0

[Event "U12 Polish Youth Championship"]
[Site "chess24.com"]
[Date "2018.05.03"]
[Round "7"]
[White "Iwaszkiewicz, Grzegorz"]
[Black "Demski, Michal"]
[Result "1/2-1/2"]
[Board "16"]
[WhiteElo "1411"]
[WhiteCountry "POL"]
[WhiteFideId "21810214"]
[WhiteEloChange "4"]
[BlackElo "1538"]
[BlackCountry "POL"]
[BlackFideId "21835780"]
[BlackEloChange "-4"]

1. d4 {[%clk 1:30:30]} d5 {[%clk 1:30:23]} 2. c4 {[%clk 1:30:54]} c6 {[%clk
1:30:42]} 3. Nc3 {[%clk 1:31:19]} Nf6 {[%clk 1:30:41]} 4. Bf4 {[%clk 1:31:02]}
Qb6 {[%clk 1:29:06]} 5. Qb3 {[%clk 1:29:44]} Qxb3 {[%clk 1:27:21]} 6. axb3 {[%clk
1:30:03]} a6 {[%clk 1:27:36]} 7. f3 {[%clk 1:24:25]} Bf5 {[%clk 1:25:39]} 8. e3
{[%clk 1:22:55]} e6 {[%clk 1:21:07]} 9. c5 {[%clk 1:19:44]} Nbd7 {[%clk 1:13:44]}
10. Kd2 {[%clk 1:17:10]} e5 {[%clk 1:12:14]} 11. dxe5 {[%clk 1:15:08]} Nxc5
{[%clk 1:10:59]} 12. Re1 {[%clk 0:37:57]} Nxb3+ {[%clk 1:10:21]} 13. Kd1 {[%clk
0:38:12]} Nd7 {[%clk 1:09:43]} 14. e4 {[%clk 0:38:15]} dxe4 {[%clk 1:09:51]} 15.
Nxe4 {[%clk 0:38:08]} Bxe4 {[%clk 1:09:27]} 16. Rxe4 {[%clk 0:38:25]} O-O-O
{[%clk 1:09:35]} 17. Kc2 {[%clk 0:32:05]} Nbc5 {[%clk 1:09:23]} 18. Re3 {[%clk
0:31:21]} Ne6 {[%clk 1:08:50]} 19. g3 {[%clk 0:28:19]} g5 {[%clk 1:08:36]} 20.
Bxg5 {[%clk 0:27:13]} Nxg5 {[%clk 1:08:18]} 21. f4 {[%clk 0:27:32]} Ne6 {[%clk
1:08:38]} 22. Nf3 {[%clk 0:27:41]} Bc5 {[%clk 1:07:58]} 23. Rc3 {[%clk 0:27:50]}
Nd4+ {[%clk 1:07:57]} 24. Nxd4 {[%clk 0:28:04]} Bxd4 {[%clk 1:07:57]} 25. Rd3
{[%clk 0:28:23]} Nc5 {[%clk 1:08:11]} 26. Rd2 {[%clk 0:28:37]} Kb8 {[%clk
1:08:03]} 27. Bc4 {[%clk 0:28:52]} f6 {[%clk 1:08:02]} 28. Rhd1 {[%clk 0:29:06]}
fxe5 {[%clk 1:07:17]} 29. fxe5 {[%clk 0:29:25]} b5 {[%clk 1:06:43]} 30. Ba2
{[%clk 0:28:20]} Rde8 {[%clk 1:03:03]} 31. Rxd4 {[%clk 0:28:34]} Rxe5 {[%clk
1:03:27]} 32. b4 {[%clk 0:19:48]} Nb7 {[%clk 1:02:00]} 33. R1d2 {[%clk 0:18:43]}
Rhe8 {[%clk 1:00:06]} 34. Bf7 {[%clk 0:18:30]} R8e7 {[%clk 0:59:53]} 35. Bg8
{[%clk 0:17:35]} Re2 {[%clk 0:57:21]} 36. Rh4 {[%clk 0:16:28]} R2e4 {[%clk
0:54:34]} 37. Rd4 {[%clk 0:15:11]} Rxd4 {[%clk 0:54:08]} 38. Rxd4 {[%clk
0:13:29]} Re2+ {[%clk 0:53:17]} 39. Rd2 {[%clk 0:13:43]} Rxd2+ {[%clk 0:53:37]}
40. Kxd2 {[%clk 0:14:07]} h6 {[%clk 0:54:01]} 41. h4 {[%clk 0:14:21]} Kc7 {[%clk
0:53:48]} 42. g4 {[%clk 0:14:27]} c5 {[%clk 0:54:08]} 43. g5 {[%clk 0:13:36]}
hxg5 {[%clk 0:53:54]} 44. h5 {[%clk 0:12:51]} Nd6 {[%clk 0:51:42]} 45. h6 {[%clk
0:11:45]} Ne4+ {[%clk 0:52:01]} 46. Kd3 {[%clk 0:10:42]} Nf6 {[%clk 0:52:20]} 47.
bxc5 {[%clk 0:10:23]} Kc6 {[%clk 0:50:40]} 48. Kd4 {[%clk 0:10:04]} g4 {[%clk
0:50:37]} 49. h7 {[%clk 0:08:59]} Nxh7 {[%clk 0:50:44]} 50. Bxh7 {[%clk 0:09:18]}
b4 {[%clk 0:50:30]} 51. Kc4 {[%clk 0:09:15]} a5 {[%clk 0:50:43]} 52. Be4+ {[%clk
0:09:29]} Kc7 {[%clk 0:51:02]} 53. Kb5 {[%clk 0:08:21]} g3 {[%clk 0:51:10]} 54.
Ka4 {[%clk 0:08:16]} Kb8 {[%clk 0:50:51]} 1/2-1/2

[Event "U12 Polish Youth Championship"]
[Site "chess24.com"]
[Date "2018.05.03"]
[Round "7"]
[White "Serewa, Antoni"]
[Black "Pazdzierz, Piotr"]
[Result "1/2-1/2"]
[Board "17"]
[WhiteElo "1392"]
[WhiteCountry "POL"]
[WhiteFideId "21837198"]
[WhiteEloChange "1"]
[BlackElo "1440"]
[BlackCountry "POL"]
[BlackFideId "21810419"]
[BlackEloChange "-1"]

1. Nf3 {[%clk 1:30:22]} d5 {[%clk 1:30:46]} 2. e3 {[%clk 1:30:13]} Nf6 {[%clk
1:30:56]} 3. d4 {[%clk 1:30:02]} c6 {[%clk 1:30:04]} 4. Bd3 {[%clk 1:29:00]} e6
{[%clk 1:29:47]} 5. O-O {[%clk 1:28:17]} Nbd7 {[%clk 1:29:53]} 6. b3 {[%clk
1:27:39]} Be7 {[%clk 1:28:40]} 7. Bb2 {[%clk 1:27:16]} O-O {[%clk 1:28:41]} 8.
Nbd2 {[%clk 1:26:47]} c5 {[%clk 1:26:51]} 9. Qe2 {[%clk 1:25:33]} cxd4 {[%clk
1:22:22]} 10. exd4 {[%clk 1:23:38]} b6 {[%clk 1:21:35]} 11. Ne5 {[%clk 1:21:42]}
Bb7 {[%clk 1:20:55]} 12. f4 {[%clk 1:20:27]} a5 {[%clk 1:11:35]} 13. a4 {[%clk
1:17:45]} Qc8 {[%clk 1:08:53]} 14. Rac1 {[%clk 1:14:58]} Ba6 {[%clk 1:06:32]} 15.
c4 {[%clk 1:13:15]} Qb7 {[%clk 1:00:59]} 16. Rc2 {[%clk 1:10:13]} Bb4 {[%clk
0:52:55]} 17. Rfc1 {[%clk 1:07:49]} Rfc8 {[%clk 0:38:16]} 18. h3 {[%clk 0:59:24]}
dxc4 {[%clk 0:27:11]} 19. Ndxc4 {[%clk 0:56:33]} g6 {[%clk 0:14:58]} 20. Kh2
{[%clk 0:49:04]} Nd5 {[%clk 0:09:26]} 21. g3 {[%clk 0:42:43]} Qa7 {[%clk
0:04:08]} 22. Nxd7 {[%clk 0:40:00]} Qxd7 {[%clk 0:04:13]} 23. Ne5 {[%clk
0:40:11]} Rxc2 {[%clk 0:02:09]} 24. Rxc2 {[%clk 0:40:24]} Bxd3 {[%clk 0:01:58]}
25. Qxd3 {[%clk 0:40:35]} Qb7 {[%clk 0:01:38]} 26. Qe4 {[%clk 0:36:35]} Rc8
{[%clk 0:01:13]} 27. Rxc8+ {[%clk 0:34:48]} Qxc8 {[%clk 0:01:36]} 28. Nc4 {[%clk
0:34:52]} Qc7 {[%clk 0:01:17]} 29. Kg2 {[%clk 0:33:01]} Kf8 {[%clk 0:00:42]} 30.
Kf2 {[%clk 0:30:35]} Bd6 {[%clk 0:00:41]} 31. Bc1 {[%clk 0:26:32]} Kg7 {[%clk
0:00:48]} 32. Ke2 {[%clk 0:25:41]} Bb4 {[%clk 0:00:34]} 33. Kf2 {[%clk 0:24:04]}
Bd6 {[%clk 0:00:49]} 34. Nxd6 {[%clk 0:23:45]} Qxd6 {[%clk 0:01:11]} 35. Qe5+
{[%clk 0:24:10]} Qxe5 {[%clk 0:01:12]} 36. dxe5 {[%clk 0:24:34]} Kf8 {[%clk
0:01:26]} 37. Bd2 {[%clk 0:23:53]} Ke8 {[%clk 0:01:47]} 38. Ke2 {[%clk 0:24:17]}
Kd7 {[%clk 0:01:59]} 39. Kd3 {[%clk 0:24:40]} Kc6 {[%clk 0:01:30]} 40. Kc4 {[%clk
0:24:58]} Ne7 {[%clk 0:01:10]} 41. g4 {[%clk 0:24:25]} Nd5 {[%clk 0:01:06]} 42.
Bc1 {[%clk 0:21:59]} h5 {[%clk 0:00:43]} 43. Bd2 {[%clk 0:21:24]} Ne7 {[%clk
0:00:41]} 44. Be1 {[%clk 0:20:43]} Ng8 {[%clk 0:00:39]} 45. Bh4 {[%clk 0:16:02]}
hxg4 {[%clk 0:00:48]} 46. hxg4 {[%clk 0:16:03]} Nh6 {[%clk 0:01:04]} 47. g5
{[%clk 0:16:02]} Nf5 {[%clk 0:01:25]} 48. Bf2 {[%clk 0:16:20]} Ne7 {[%clk
0:01:40]} 49. Be3 {[%clk 0:16:25]} Nd5 {[%clk 0:01:50]} 50. Bd2 {[%clk 0:16:16]}
Nc7 {[%clk 0:01:51]} 51. b4 {[%clk 0:12:43]} axb4 {[%clk 0:01:32]} 52. Bxb4
{[%clk 0:13:05]} b5+ {[%clk 0:01:04]} 53. axb5+ {[%clk 0:13:23]} Nxb5 {[%clk
0:01:26]} 1/2-1/2